| 000 | 00787cam a22002531 4500 | ||
|---|---|---|---|
| 999 |
_c18496 _d18496 |
||
| 001 | 8368297 | ||
| 003 | BDDh-ASL | ||
| 005 | 20231015025718.0 | ||
| 008 | 720619s1950 en 000 0 eng | ||
| 010 | _a 51002657 | ||
| 015 | _aGB50-9369 | ||
| 035 | _a(OCoLC)336305 | ||
| 040 |
_aDLC _cOWoC _dBDDh-ASL _dDLC |
||
| 042 | _apremarc | ||
| 050 | 0 | 0 |
_aDS480.83 _b.T8 |
| 082 |
_a950 _bTUW |
||
| 100 | 1 |
_aTuker, Sir Francis Ivan Simms, _d1894- |
|
| 245 | 1 | 0 |
_aWhile memory serves: _b[the last two years of British rule in India]/ _cby Sir Francis Tuker. |
| 260 |
_aLondon: _bCassell, _c[1950] |
||
| 300 |
_axiv, 668 p. : _billus., port., maps (part fold.) _c22 cm. |
||
| 651 | 0 |
_aIndia _xHistory _y20th century. |
|
| 906 |
_a7 _bcbc _coclcrpl _du _encip _f19 _gy-gencatlg |
||
| 942 |
_2ddc _cBK |
||